000 00839nam a22002777a 4500
003 CHAP
005 20220329133036.0
008 971013s r 00010 d
010 _a1538
011 _a2510
035 _a1704
040 _cCHAP
082 _a591.92
_bM41
110 _aMéxico. Secretaría de Desarrollo Urbano y Ecología
_977163
245 _aPrograma nacional de protección y conservación de Tortugas Marinas
_b: propuesta
260 _aMéxico, D. F. :
_bLa Secretaría,
_c[198?]
300 _a116 p.
_b: ilus.
500 _aD42-59
590 _aBATCH-UPD
_b10
_c20130110
_lUCH01
_h1540
590 _aCONVERSION
_b10
_c20130109
_lUCH01
_h1302
650 1 4 _aFauna marina.
_939841
650 1 4 _aTortuga.
_9114332
901 _aBK
942 _cLIBRO
949 _a591.92 M41
_bBC
_cLIBRO
_d-11195
_eLIBRO
_h79078
_i1704
_si
999 _c1538
_d1538